000 00655nam a22001937a 4500
003 OSt
005 20251124094449.0
008 251124b |||||||| |||| 00| 0 eng d
020 _a971-8614-29-X.
040 _aDWCL-Admin lib
_cOC
082 _aFil. 510 G478e 2005
100 _aGillesania, Diego Inocencio T.
245 _a Engineering mathematics volume 1 /
_cDiego Inocencio T. Gillesania
260 _a Cebu :
_bGillesania Engineering Review and Training Center,
_cc2005.
300 _aVI, 450 p. : ill. ;
_c21 cm.
504 _aIncludes index.
650 _a1. Mathematics-Engineering-Problems, exercises, etc.
942 _2ddc
_cBK - FIL
_kFil.
_n0
999 _c6043
_d6043